| 000 | 01021nam a22002897a 4500 | ||
|---|---|---|---|
| 001 | 5035 | ||
| 003 | FISKH | ||
| 005 | 20241101115001.0 | ||
| 008 | 241101b cb ||||| |||| 00| 0 eng d | ||
| 020 | _a9780439636537 | ||
| 040 |
_aFISKH _beng _cFISKH _dFISKH |
||
| 050 | _aPZ7.M82712 | ||
| 082 | _a823.914 | ||
| 100 | _aMorpurgo, Michael | ||
| 245 |
_aPrivate Peaceful / _cby Michael Morpurgo |
||
| 250 | _aFirst American paperback edition, January 2006 | ||
| 260 |
_aNew York : _bScholastic ; _c2003. |
||
| 300 |
_a202 pages : _billustrations ; _c18 cm . |
||
| 505 | _aU | ||
| 520 | _aWhen Thomas Peaceful's older brother is forced to join the British Army, Thomas decides to sign up as well, although he is only fourteen years old, to prove himself to his country, his family, his childhood love, Molly, and himself. | ||
| 521 | 8 |
_a860
_bLexile |
|
| 521 | 8 |
_aU
_bRaz-Plus |
|
| 650 |
_asoldiers _vhistorical fiction |
||
| 700 |
_aKlaus, Fritz _eeditor |
||
| 942 |
_2ddc _cBK _n0 |
||
| 999 |
_c5035 _d5035 |
||